| 000 | 00000nas 2200000za 4500 |
| 001 | 9.837982 |
| 003 | CaOODSP |
| 005 | 20221107151254 |
| 007 | cr ||||||||||| |
| 008 | 170608d19751983onc x m o f0###|0eng|d |
| 022 | # |y0225-0101 |
| 040 | |aCaOODSP|beng |
| 041 | |aeng|bfre |
| 043 | |an-cn--- |
| 086 | |aR64-81E-PDF |
| 110 | 1 |aCanada. |bParks Canada. |bNational Historic Parks and Sites Branch. |
| 245 | 10|aHistory and archaeology |h[electronic resource]. |
| 246 | 11|aHistoire et archéologie|f1-19 |
| 260 | |a[Ottawa] : |bNational Historic Parks and Sites Branch, Parks Canada, |c1975-[1983?] |
| 300 | |av.|bill. |
| 310 | |aIrregular |
| 362 | 0 |a1- |
| 500 | |aEnglish title only, 20- |
| 500 | |aHistorical publications digitized from print. |
| 504 | |aIncludes bibliographies. |
| 546 | |aText in English or French, with abstracts in French or English, 1975-1978. |
| 580 | |aAlso issued separately in French, 1978- under title: Histoire et archéologie. |
| 692 | 07|2gccst|aHistoric sites |
| 692 | 07|2gccst|aArchaeology |
| 775 | 08|tHistoire et archéologie |w(CaOODSP)9.838271 |